书目信息 |
| 题名: |
现代地籍测量
|
|
| 作者: | 李天文 编著 | |
| 分册: | ||
| 出版信息: | 北京 科学出版社 2012 |
|
| 页数: | xiii, 256页 | |
| 开本: | 24cm | |
| 丛书名: | ||
| 单 册: | ||
| 中图分类: | P271 | |
| 科图分类: | ||
| 主题词: | 地籍测量--di ji ce liang--高等学校--教材 | |
| 电子资源: | ||
| ISBN: | 978-7-03-034941-5 | |
| 000 | 00909nam0 2200277 450 | |
| 001 | 012001000935 | |
| 005 | 20191108090239.89 | |
| 010 | @a978-7-03-034941-5@dCNY35.00 | |
| 099 | @aCAL 012012232269 | |
| 100 | @a20120807d2012 em y0chiy50 ea | |
| 101 | 0 | @achi |
| 102 | @aCN@b110000 | |
| 105 | @aak a 000yy | |
| 106 | @ar | |
| 200 | 1 | @a现代地籍测量@Axian dai di ji ce liang@f李天文等编著 |
| 205 | @a第2版 | |
| 210 | @a北京@c科学出版社@d2012 | |
| 215 | @axiii, 256页@c图@d24cm | |
| 320 | @a有书目 (第255-256页) | |
| 330 | @a本书介绍了地籍测量的基本理论、基本技能, 房产调查、建设项目用地勘测定界、变更地籍调查与测量方法技术 ; 现代高新技术的发展等内容。 | |
| 333 | @a普通高等教育“十二五”规划教材 | |
| 606 | 0 | @a地籍测量@Adi ji ce liang@x高等学校@j教材 |
| 690 | @aP271@v5 | |
| 701 | 0 | @a李天文@Ali tian wen@4编著 |
| 801 | 0 | @aCN@b北京卓展文化@c20191020 |
| 905 | @b1197202-5@dP271@e299=2@f4 | |
| 现代地籍测量/李天文等编著.-第2版.-北京:科学出版社,2012 |
| xiii, 256页:图;24cm |
| 使用对象:普通高等教育“十二五”规划教材 |
| ISBN 978-7-03-034941-5:CNY35.00 |
| 本书介绍了地籍测量的基本理论、基本技能, 房产调查、建设项目用地勘测定界、变更地籍调查与测量方法技术 ; 现代高新技术的发展等内容。 |
| ● |
| 相关链接 |
|
|
|
|
正题名:现代地籍测量
索取号:P271/299=2
 
预约/预借
| 序号 | 登录号 | 条形码 | 馆藏地/架位号 | 状态 | 备注 |
| 1 | 1197202 | 211972025 | 第二样本阅览室/ [索取号:P271/299=2] | 在馆 | |
| 2 | 1197203 | 211972034 | 第三借阅区/ [索取号:P271/299=2] | 在馆 | |
| 3 | 1197204 | 211972043 | 第三借阅区/ [索取号:P271/299=2] | 在馆 | |
| 4 | 1197205 | 211972052 | 第三借阅区/ [索取号:P271/299=2] | 在馆 |